LEADER 01557nam0 22003613i 450 001 CAG0073935 005 20170908093247.0 010 $a8804484012 010 $a9788804484011 010 $a9788804667544$bris. 2016 100 $a20100513d2000 ||||0itac50 ba 101 | $aita 102 $ait 181 1$6z01$ai $bxxxe 182 1$6z01$an 200 1 $a˜Il œtestamento$fJohn Grisham$gtraduzione di Tullio Dobner 210 $aMilano$cOscar Mondadori$d2000 215 $a404 p.$d20 cm. 225 | $aBestsellers$v1095 410 0$1001CFI0012751$12001 $aBestsellers$v1095 500 10$a˜The œtestament.$3LO10495581$9CFIV107353$91483584 676 $a813$9Letteratura americana in inglese. Narrativa$v12 700 1$aGrisham$b, John$3CFIV107353$4070$0184981 702 1$aDobner$b, Tullio$3CFIV017568 801 3$aIT$bIT-NA0079$c20100513 850 $aIT-BN0092$aIT-AV0137$aIT-CE0087 912 $aCAG0073935 950 0$aBiblioteca Comunale "Antonio D'Alessio "$b1 v.$c1 v.$d 69NARR. STR.9. 1. 278$e 69 0000027525 B FD 1 v. (7. rist. 2004)$fT $h20100513$i20100513 950 0$aBiblioteca Comunale "Nunzia Festa"$b1v.$c1v.$d 94ADULTI I 2145$e 94 0000046535 B 1v.$fT $h20140822$i20140822 950 0$aBiblioteca comunale "G. Siani"$c1v.$d TDNARRATIVA S8 R4 14$e TD 0000034435 B 1v.$fT $h20160714$i20160714 977 $a 69$a 94$a TD 996 $aTestament$91483584 997 $aUNISANNIO LEADER 01476cam--2200421---450- 001 990000537920203316 005 20120802135017.0 035 $a0053792 035 $aUSA010053792 035 $a(ALEPH)000053792USA01 035 $a0053792 100 $a20010702d1985----km-y0itay50------ba 101 0 $aita 102 $aIT 105 $a||||||||001yy 200 1 $aGiudizio civile innanzi al conciliatore e competenza del pretore nella legge 399/1994$fLuigi F. Di Nanni, Giuseppe Fusco, Giovanni Vacca 210 $aNapoli$cJovene$d1985 215 $aVIII, 235 p.$d24 cm 606 0 $aPretore$xCompetenza civile 606 0 $aGiudice conciliatore$xCompetenza 676 $a347.45022 700 1$aDI NANNI,$bLuigi F.$0225046 701 1$aFUSCO,$bGiuseppe$035115 701 1$aVACCA,$bGiovanni$f$0400464 801 0$aIT$bsalbc$gISBD 912 $a990000537920203316 951 $aXXVII.1.G 32 (IG IX 246)$b64691 EC$cXXVII.1.$d00238423 959 $aBK 969 $aGIU 979 $aPATTY$b90$c20010702$lUSA01$h1837 979 $aPATTY$b90$c20010702$lUSA01$h1838 979 $c20020403$lUSA01$h1703 979 $aPATRY$b90$c20040406$lUSA01$h1637 979 $aRSIAV2$b90$c20090826$lUSA01$h1220 979 $aANNAMARIA$b90$c20120802$lUSA01$h1349 979 $aANNAMARIA$b90$c20120802$lUSA01$h1350 996 $aGiudizio civile innanzi al conciliatore e competenza del pretore nella legge 399$9575494 997 $aUNISA LEADER 01617oam 2200517zu 450 001 9910164297903321 005 20210807002211.0 010 $a0-8031-5517-4 035 $a(CKB)3170000000044443 035 $a(SSID)ssj0001184326 035 $a(PQKBManifestationID)11662162 035 $a(PQKBTitleCode)TC0001184326 035 $a(PQKBWorkID)11196625 035 $a(PQKB)10712605 035 $a(EXLCZ)993170000000044443 100 $a20160829d2006 uy 101 0 $aeng 181 $ctxt 182 $cc 183 $acr 200 00$aPerformance and durability of the window-wall interface 210 31$a[Place of publication not identified]$cASTM International$d2006 225 0 $aSTP Performance and durability of the window-wall interface 300 $aBibliographic Level Mode of Issuance: Monograph 311 $a0-8031-3410-X 606 $aWindows$vCongresses 606 $aWalls$vCongresses 606 $aWaterproofing$vCongresses 606 $aCivil & Environmental Engineering$2HILCC 606 $aEngineering & Applied Sciences$2HILCC 606 $aCivil Engineering$2HILCC 615 0$aWindows 615 0$aWalls 615 0$aWaterproofing 615 7$aCivil & Environmental Engineering 615 7$aEngineering & Applied Sciences 615 7$aCivil Engineering 676 $a690/.1823 702 $aWeston$b Theresa A 702 $aWagus$b Carl R 702 $aHardman$b Barry G 801 0$bPQKB 906 $aBOOK 912 $a9910164297903321 996 $aPerformance and durability of the window-wall interface$91961128 997 $aUNINA LEADER 02798oam 2200685I 450 001 9910450984303321 005 20210831210943.0 010 $a1-134-73545-6 010 $a1-134-73546-4 010 $a1-280-15108-0 010 $a0-203-98231-2 024 7 $a10.4324/9780203982310 035 $a(CKB)1000000000255278 035 $a(EBL)235352 035 $a(OCoLC)475943652 035 $a(SSID)ssj0000239475 035 $a(PQKBManifestationID)11236423 035 $a(PQKBTitleCode)TC0000239475 035 $a(PQKBWorkID)10239294 035 $a(PQKB)10937996 035 $a(MiAaPQ)EBC235352 035 $a(Au-PeEL)EBL235352 035 $a(CaPaEBR)ebr10095103 035 $a(CaONFJC)MIL15108 035 $a(OCoLC)437149217 035 $a(OCoLC)76898548 035 $a(EXLCZ)991000000000255278 100 $a20180331d1999 uy 0 101 0 $aeng 135 $aur|n|---||||| 181 $ctxt 182 $cc 183 $acr 200 14$aThe Rome that did not fall $ethe survival of the East in the fifth century /$fStephen Williams and Gerard Friell 210 1$aLondon ;$aNew York :$cRoutledge,$d1999. 215 $a1 online resource (294 p.) 300 $aDescription based upon print version of record. 311 $a1-138-00703-X 311 $a0-415-15403-0 320 $aIncludes bibliographical references and index. 327 $aBOOK COVER; HALF-TITLE; TITLE; COPYRIGHT; CONTENTS; ILLUSTRATIONS; ACKNOWLEDGEMENTS; LIST OF ABBREVIATIONS; INTRODUCTION; Part 1 SEPARATION; Part 2 ON THE DEFENSIVE; Part 3 THE RESOURCES; Part 4 THE STRUGGLE FOR STABILITY; Part 5 STABILITY ATTAINED; APPENDIX I List of emperors; APPENDIX II The Theodosian dynasty; NOTES; BIBLIOGRAPHY; INDEX 330 $aThe Rome that Did Not Fall provides a well-illustrated, comprehensive narrative and analysis of the Roman empire in the east, charting its remarkable growth and development which resulted in the distinct and enduring civilization of Byzantium. It considers:* the fourth century background* the invasions of Attila* the resources of the east* the struggle for stability* the achievements of Anastasius. 606 $aEmperors$zRome 606 $aEmperors$zByzantine Empire 607 $aByzantine Empire$xHistory$yTo 527 607 $aRome$xHistory$yEmpire, 284-476 607 $aRome$xHistory$yGermanic Invasions, 3rd-6th centuries 608 $aElectronic books. 615 0$aEmperors 615 0$aEmperors 676 $a949.5/013 700 $aWilliams$b Stephen$f1942-2004,$0170780 701 $aFriell$b J. G. P$g(John Gerard Paul)$01036336 801 0$bMiAaPQ 801 1$bMiAaPQ 801 2$bMiAaPQ 906 $aBOOK 912 $a9910450984303321 996 $aThe Rome that did not fall$92456586 997 $aUNINA LEADER 00984oam 2200313 450 001 9910716025203321 005 20210527144726.0 035 $a(CKB)5470000002517856 035 $a(OCoLC)1252917851 035 $a(EXLCZ)995470000002517856 100 $a20210527d2021 ua 0 101 0 $aeng 135 $aur||||||||||| 181 $ctxt$2rdacontent 182 $cc$2rdamedia 183 $acr$2rdacarrier 200 10$aBusiness meeting $emeeting of the Committee on Environment and Public Works, United States Senate, One Hundred Seventeenth Congress, first session, February 9, 2021 210 1$aWashington :$cU.S. Government Publishing Office,$d2021. 215 $a1 online resource (iii, 20 pages) 225 1 $aS. hrg. ;$v117-9 517 $aBusiness meeting 608 $aLegislative hearings.$2lcgft 801 0$bGPO 801 1$bGPO 801 2$bGPO 906 $aBOOK 912 $a9910716025203321 996 $aBusiness meeting$93184312 997 $aUNINA LEADER 02390oam 2200625 450 001 9910707607503321 005 20161019110448.0 035 $a(CKB)5470000002466468 035 $a(OCoLC)227854627 035 $a(EXLCZ)995470000002466468 100 $a20080512j199704 ua 0 101 0 $aeng 135 $aurbn||||||||| 181 $ctxt$2rdacontent 182 $cc$2rdamedia 183 $acr$2rdacarrier 200 10$aStressed oxidation of C/SiC composites /$fMichael C. Halbig [and three others] 210 1$aCleveland, Ohio :$cNational Aeronautics and Space Administration, Lewis Research Center :$cU.S. Army Research Laboratory,$dApril 1997. 215 $a1 online resource (8 pages) $cillustrations 225 1 $aNASA technical memorandum ;$v107457 225 1 $aArmy research laboratory technical report ;$vARL-TR-1373 300 $a"April 1997"--Report documentation page. 300 $a"Prepared for the 21 st Annual Conference on Composites, Advanced Ceramics, Materials and Structures sponsored by the American Ceramic Society, Cocoa Beach, Florida, January 12-16, 1997." 300 $a"Performing organization: NASA Lewis Research Center and U.S. Army Research Laboratory"--Report documentation page. 320 $aIncludes bibliographical references (page 8). 517 3 $aStressed oxidation of carbon fiber-reinforced silicon carbide composites 606 $aOxidation$2nasat 606 $aCeramics$2nasat 606 $aHigh temperature tests$2nasat 606 $aMicrostructure$2nasat 606 $aFiber-matrix interfaces$2nasat 606 $aDebonding (materials)$2nasat 606 $aCeramic matrix composites$2nasat 606 $aResidual strength$2nasat 606 $aMicrocracks$2nasat 615 7$aOxidation. 615 7$aCeramics. 615 7$aHigh temperature tests. 615 7$aMicrostructure. 615 7$aFiber-matrix interfaces. 615 7$aDebonding (materials) 615 7$aCeramic matrix composites. 615 7$aResidual strength. 615 7$aMicrocracks. 700 $aHalbig$b Michael C.$f1969-$0862746 712 02$aLewis Research Center, 712 02$aU.S. Army Research Laboratory. 801 0$bDTICE 801 1$bDTICE 801 2$bOCLCQ 801 2$bGPO 906 $aBOOK 912 $a9910707607503321 996 $aStressed oxidation of C$93461783 997 $aUNINA